000
00350 a2200169 4500
001
184615
020
_a
040
_c
Magnum
100
_a
Júnior, Wilson Frungilo
240
1
0
_a
Do outro lado
_l
por
245
1
0
_a
Do outro lado
300
_a
160
362
0
_a
1985
440
1
_a
Círculo do Livro
697
_a
LITERATURA GERAL
942
_c
BK
999
_c
184615
_d
184615